000 00479nam a2200169Ia 4500
008 240729s9999 xx 000 0 und d
022 _a1875-8584
245 0 _aBehavioural Neurology
260 _aUnited Kingdom
260 _bHindawi Limited
650 _a Internal medicine
650 _a Neurosciences. Biological psychiatry. Neuropsychiatry
650 _aMedicine
856 _uhttps://doaj.org/toc/6a8191f0c97a4df2942f918079b3c971
942 _2ddc
942 _cDOAJEJ
999 _c71410
_d71410
945 _a1
_bMadushi Gamage
_c1
_dMadushi Gamage